| 000 | 00504 a2200169 4500 | ||
|---|---|---|---|
| 001 | 066555 | ||
| 003 | OSt | ||
| 005 | 20211001133051.0 | ||
| 008 | |||
| 082 |
_a891.443 _bG34U |
||
| 100 | 1 | _aGhosal, Swarnakumari Devi | |
| 245 | 1 |
_aAn unfinished song _cby Swarnakumari Devi Ghosal |
|
| 260 |
_aNew Delhi _bOxford University Press _c2008 |
||
| 300 | _a104p. | ||
| 690 | _aBengali fiction; Physicians; Women intellectuals; India; India--Bengal; Children | ||
| 942 |
_2ddc _cBK |
||
| 999 |
_c600 _d600 |
||